Najwięcej bramek w Lidze Mistrzów wg Transfermarkt - Statystyki

Ogólne statystyki
  • Ten quiz został rozwiązany 1 397 razy
  • Średni wynik to 8 z 15
Statystyki odpowiedzi
Bramki Piłkarz % Poprawnych
126 Cristiano Ronaldo
100%
112 Leo Messi
100%
53 Robert Lewandowski
97%
60 Karim Benzema
83%
72 Raul
72%
48 Zlatan Ibrahimovic
61%
50 Thierry Henry
53%
42 Thomas Muller
44%
44 Didier Drogba
36%
42 Alessandro Del Piero
28%
56 Ruud van Nistelrooy
25%
46 Filippo Inzaghi
24%
48 Andrii Shevchenko
19%
49 Alfredo Di Stefano
15%
46 Eusebio
9%
Nie znaleziono quizów pasujących do podanych kryteriów
Rozkład punktacji
Procent ludzi z każdym wynikiem
Percentyl według liczby udzielonych odpowiedzi
Twoja historia wyników
Nie rozwiązałeś tego quizu